| 000 | 00478cam a2200193ua 4500 | ||
|---|---|---|---|
| 001 | 6486 | ||
| 005 | 20260515114046.0 | ||
| 008 | 131216n ii |||gr||||Z||||||eng | ||
| 040 | _cMAIN | ||
| 082 | _a346.065 | ||
| 245 |
_aMercantile law _cBy M.C. Kuchhal |
||
| 250 | _a3rd rev. ed. | ||
| 260 |
_aNew delhi: _bvikas publishing house pvt ltd, _c1987. |
||
| 300 | _axx,613p. | ||
| 653 | _aCommerce | ||
| 653 | _aMercantile law | ||
| 700 |
_aKuchhal,M.C., _eAuthor. |
||
| 942 | _cBK | ||
| 999 |
_c5630 _d5630 |
||